000 01008nam a22002417a 4500
999 _c7556
_d7556
003 AR-CdUCM
008 190320b ||||| |||| 00| 0 spa d
040 _aMUNICIPALIDAD PROVINCIAL DEL CUSCO
_cBIBLIOTECA MUNICIPAL DEL CUSCO
082 _a306 /
_bB65
100 _aBoas, Franz
_921334
245 _aCuestiones fundamentales de antropología cultural /
260 _aBuenos Aires :
_bEdiciones Solar :
_bLibrería Hachette,
_c1964.
300 _a286 páginas ;
_c20 cm.
440 _aDimensión de los problemas
_921335
505 _aContenido: Análisis Histórico -- La composición de las razas humanas -- Características hereditarias de las razas humanas -- La inestabilidad de los tipos humanos -- Posición morfológicas de las razas ...
650 _aSociedades primitivas
_96023
650 _aRelaciones raciales
_921336
650 _aEtnología
_91915
650 _aEtnopsicología
_921337
700 _aFerdkin, Susana W. de (Traductor)
_921338
942 _2ddc
_cLIBROS
945 _alccs